Geography Quiz

Random Geography or City Quiz

State by City Initials Quiz Stats

 Plays Quiz Updated Feb 27, 2019

Score 0/50 Timer 11:00
3 Plays Today
City Initials State % Correct
LA,SD,SJCalifornia
90.9%
NY,B,RNew York
89.7%
NO,BR,SLouisiana
82.8%
LV,H,RNevada
81.3%
KC,SL,SMissouri
80.6%
H,SA,DTexas
76.7%
SLC,P,WVCUtah
76.1%
W,OP,KCKansas
75.1%
P,P,APennsylvania
72.9%
I,FW,EIndiana
67.4%
M,M,GBWisconsin
66.6%
H,H,KHawaii
66.4%
C,C,COhio
65.2%
D,GR,WMichigan
65.1%
DM,CR,DIowa
64.3%
OC,T,NOklahoma
61.8%
D,CS,AColorado
60.9%
N,JC,PNew Jersey
59.3%
A,F,JAlaska
59.1%
A,A,CGeorgia
58.9%
LR,FS,FArkansas
58.5%
S,S,TWashington
57.9%
J,M,TFlorida
57.3%
A,LC,SFNew Mexico
57.3%
M,SP,RMinnesota
56.1%
City Initials State % Correct
P,S,EOregon
54.4%
VB,N,CVirginia
53.4%
B,W,SMassachusetts
53.4%
P,T,MArizona
52.9%
C,A,RIllinois
50.4%
B,NH,HConnecticut
49.4%
M,N,KTennessee
46.5%
F,B,GFNorth Dakota
44.2%
B,C,SSMaryland
44.1%
O,L,BNebraska
43.3%
L,L,OKentucky
43.1%
C,R,GNorth Carolina
42.5%
J,G,BMississippi
42.1%
B,M,MAlabama
40.8%
B,N,MIdaho
40.2%
C,C,NCSouth Carolina
37.9%
P,W,CRhode Island
37.4%
W,D,NDelaware
37.3%
B,M,GFMontana
37%
SF,RC,ASouth Dakota
34.6%
P,L,BMaine
34.1%
C,C,LWyoming
31%
M,N,CNew Hampshire
26.7%
B,E,CVermont
26.3%
C,H,PWest Virginia
24.3%

You're not logged in!

Compare scores with friends on all Sporcle quizzes.
OR
Log In

Sporcle TV

Today on Sporcle TV


Watch our educational content, quiz creation guides, and fun videos on Sporcle TV.

Show Comments

Extras

Top Quizzes Today


Score Distribution

Your Account Isn't Verified!

In order to create a playlist on Sporcle, you need to verify the email address you used during registration. Go to your Sporcle Settings to finish the process.

Report this User

Report this user for behavior that violates our Community Guidelines.

Details: